[Event "Nordic-chT U17"]
[Site "Fredericia"]
[Date "2023.01.21"]
[Round "2.3"]
[White "Hreinsson, Johann Helgi"]
[Black "Mollegaard, Julius Mygind"]
[Result "1/2-1/2"]
[WhiteElo "1412"]
[BlackElo "1384"]
[PlyCount "62"]
[EventDate "2023.01.20"]
[EventType "team-tourn"]
[EventRounds "5"]
[EventCountry "DEN"]
[SourceTitle "CBM 213 Extra"]
[Source "ChessBase"]
[SourceDate "2023.05.31"]
[SourceVersion "1"]
[SourceVersionDate "2023.05.31"]
[SourceQuality "1"]
[WhiteTeam "Iceland"]
[BlackTeam "Denmark III"]
[WhiteTeamCountry "ISL"]
[BlackTeamCountry "DEN"]

1. d4 d5 2. c4 c6 3. cxd5 cxd5 4. Nc3 Nf6 5. Nf3 Nc6 6. Bf4 a6 7. e3 Bf5 8. Bd3 Bxd3 9. Qxd3 e6 10. 0-0 Bd6 11. Bxd6 Qxd6 12. a3 0-0 13. Rac1 Rac8 14. Na4 Ne4 15. Nd2 b5 16. Nc5 Nxc5 17. Rxc5 Na5 18. b4 Nb7 19. Rc3 Qb6 20. Rfc1 Rxc3 21. Qxc3 Nd6 22. Qc5 Rb8 23. Nb3 Nc4 24. Qxb6 Rxb6 25. Na5 Kf8 26. Nxc4 bxc4 27. Kf1 Ke7 28. Ke2 Kd6 29. Rb1 Kc6 30. a4 Rb7 31. Kd2 Rb8 1/2-1/2

[Event "Reykjavik Kvika op"]
[Site "Reykjavik"]
[Date "2022.04.10"]
[Round "7"]
[White "Hreinsson, Johann Helgi"]
[Black "Eythorsson, Engilbert Vidar"]
[Result "1-0"]
[WhiteElo "1406"]
[BlackElo "1253"]
[PlyCount "91"]
[EventDate "2022.04.06"]
[EventType "swiss"]
[EventRounds "9"]
[EventCountry "ISL"]
[SourceTitle "CBM 207 Extra"]
[Source "ChessBase"]
[SourceDate "2022.05.31"]
[SourceVersion "1"]
[SourceVersionDate "2022.05.31"]
[SourceQuality "1"]

1. d4 Nf6 2. c4 e6 3. Nf3 c5 4. e3 cxd4 5. exd4 Bb4+ 6. Bd2 Bxd2+ 7. Nbxd2 0-0 8. Bd3 Nc6 9. a3 a5 10. h4 h5 11. Ne4 Ng4 12. Be2 Qb6 13. Rb1 f5 14. c5 Qc7 15. Nd6 b6 16. Qc2 Nd8 17. Ng5 Nf7 18. Ngxf7 Rxf7 19. Nxf7 Kxf7 20. Bxg4 fxg4 21. Rc1 Bb7 22. 0-0 Qc6 23. f3 Kg8 24. fxg4 hxg4 25. Qf2 Qe4 26. cxb6 Ra6 27. Rc7 Bc6 28. b7 Bxb7 29. Rxd7 Qxg2+ 30. Qxg2 Bxg2 31. Kxg2 Rb6 32. Rf2 Rb3 33. Rd2 Rh3 34. Ra7 Rxh4 35. Rxa5 Kf7 36. Kg3 Rh6 37. Kxg4 Rg6+ 38. Kf4 Rf6+ 39. Ke4 g6 40. Ra7+ Ke8 41. Rc2 Kd8 42. Rh2 Rf8 43. Rhh7 e5 44. dxe5 Rf7 45. Rh8+ Rf8 46. Rxf8# 1-0

[Event "EU-ch 21st"]
[Site "Reykjavik"]
[Date "2021.08.27"]
[Round "2"]
[White "Mai, Alexander Oliver"]
[Black "Hreinsson, Johann Helgi"]
[Result "1-0"]
[WhiteElo "2090"]
[BlackElo "1195"]
[PlyCount "81"]
[EventDate "2021.08.26"]
[EventType "swiss"]
[EventRounds "11"]
[EventCountry "ISL"]
[SourceTitle "CBM 204"]
[Source "ChessBase"]
[SourceDate "2021.10.31"]
[SourceVersion "1"]
[SourceVersionDate "2021.10.31"]
[SourceQuality "1"]

1. e4 e6 2. d4 d5 3. Nc3 Bb4 4. e5 c5 5. a3 Bxc3+ 6. bxc3 Nc6 7. Qg4 Nge7 8. Bd3 Ng6 9. Nf3 b6 10. h4 h5 11. Qg3 Nce7 12. Bg5 Rg8 13. Bxg6 fxg6 14. Bxe7 Qxe7 15. Qxg6+ Qf7 16. Qg5 Qf5 17. Qxf5 exf5 18. Kd2 Ke7 19. Ng5 Ba6 20. Nh3 g6 21. Nf4 Kf7 22. e6+ Ke8 23. Nxd5 Kd8 24. e7+ Kc8 25. Nf6 Rh8 26. e8Q+ Rxe8 27. Nxe8 Kd7 28. Nf6+ Ke6 29. Nh7 Rd8 30. Ng5+ Kf6 31. Nf3 cxd4 32. cxd4 Bb7 33. c3 Re8 34. Rhe1 Be4 35. Ng5 Re7 36. f3 Bd5 37. Rxe7 Kxe7 38. Re1+ Kf6 39. Re5 Bc4 40. Re8 a5 41. Ke3 1-0